A Study on Health Condition of Working Street Children in Karnataka/ (Record no. 38542)
[ view plain ]
| 000 -LEADER | |
|---|---|
| fixed length control field | 00632nam a2200145 4500 |
| 082 ## - DEWEY DECIMAL CLASSIFICATION NUMBER | |
| Classification number | RP.0376 |
| 100 ## - MAIN ENTRY--AUTHOR NAME | |
| Personal name | Prabhakar, Jai S C |
| Affiliation | Centre for Multi-Disciplinary Development Research |
| Place | Dharwad, Maharashtra |
| 245 ## - TITLE STATEMENT | |
| Title | A Study on Health Condition of Working Street Children in Karnataka/ |
| Statement of responsibility, etc | Jai Prabhakar S C |
| 260 ## - PUBLICATION, DISTRIBUTION, ETC. (IMPRINT) | |
| Place of publication | Dharwad, Maharashtra: |
| Name of publisher/Sponsor | Indian Council of Social Science Research, |
| Year of publication | 2013 |
| 300 ## - PHYSICAL DESCRIPTION | |
| Number of Pages | iii, 156p. |
| 500 ## - GENERAL NOTE | |
| General note | Included Bibliographical References and Annexure |
| 536 ## - FUNDING INFORMATION NOTE | |
| Funding Agency | Indian Council of Social Science Research |
| 650 ## - SUBJECT ADDED ENTRY--TOPICAL TERM | |
| Topical Term | Street children |
| -- | Health Condition |
| General subdivision | Children |
| Geographic subdivision | Karnataka, India |
| 942 ## - ADDED ENTRY ELEMENTS (KOHA) | |
| Source of classification or shelving scheme | Dewey Decimal Classification |
| Koha item type | Research Reports |
| Withdrawn status | Lost status | Damaged status | Not for loan | Collection code | Home library | Current library | Date acquired | Source of acquisition | Full call number | Accession Number | Price effective from | Koha item type |
|---|---|---|---|---|---|---|---|---|---|---|---|---|
| Not For Loan | Major Research Project Reports | NASSDOC Library | NASSDOC Library | 04/07/2023 | Research Report Division | RP.0376 | 53814 | 04/07/2023 | Research Reports |
